| 000 | 06399cam a22007574i 4500 | ||
|---|---|---|---|
| 003 | PE-LiUPU | ||
| 005 | 20250731170422.0 | ||
| 008 | 180618s2015 sp a rb 000 0 spa d | ||
| 020 |
_a9788490771952 _q(Volumen 1) |
||
| 020 |
_a9788490771969 _q(Volumen 2) |
||
| 020 |
_a8490771952 _q(Volumen 1) |
||
| 020 |
_a8490771960 _q(Volumen 2) |
||
| 035 | _a(Sirsi) a248950 | ||
| 040 |
_aPE-LiUPU _bspa _cPE-LiUPU _dPE-LiUPU _erda |
||
| 049 | _aPRUA | ||
| 082 | 0 | 4 |
_a150 _bC75 _220 |
| 100 | 1 |
_aColmenares Gil, Fernando, _eautor. |
|
| 245 | 1 | 0 |
_aFundamentos de psicobiología / _cFernando Colmenares Gil. |
| 246 | 3 | _aconceptos, principios, evolución, desarrollo y herencia | |
| 246 | 3 | _aComportamiento y procesos psicológicos en contexto evolutivo | |
| 264 | 1 |
_aMadrid : _bSíntesis, _c2015. |
|
| 300 |
_a2 volumenes : _bilustraciones ; _c23 centímetros. |
||
| 336 |
_atext _2rdacontent |
||
| 337 |
_aunmediated _2rdamedia |
||
| 338 |
_avolume _2rdacarrier |
||
| 490 | 0 |
_aBiblioteca de psicología ; _v19-20 |
|
| 504 | _aBibliografía : páginas 415-417. | ||
| 504 | _aBibliografía : páginas 295-297. | ||
| 505 | 0 |
_gVolumen I, _tConceptos, principios, evolución, desarrollo y herencia. _aConcepto de psicobiología -- Biología: principios y teorías -- La biología plural de la psicobiología -- Concepciones de la psicobiología: amplia frente a restringida -- Disciplinas de la psicobiología -- La psicobiología y su relación con las otras psicologías (humanas) - Método y técnicas de la psicobiología - El método científico - Técnicas centradas en la medición de conductas observables -- Técnicas centradas en la medición de procesos inferidos -- Técnicas centradas en la manipulación del cerebro -- Técnicas centradas en el registro de la actividad cerebral -- Otras técnicas -- El método comparativo -- Ética de la investigación en psicobiología -- Evolucionismo y teorías de la evolución -- Evolucionismo y creacionismo -- Pruebas de la evolución: ¿teoría o hecho? -- Teoría darwiniana de la evolución -- Teorías postdarwinianas de la evolución -- Evolucionismo en las ciencias de la salud -- Mecanismos de la evolución -- Modo y tempo del cambio evolutivo --Especiación -- Agentes del cambio evolutivo -- Naturaleza de los rasgos -- Evolución y desarrollo -- Biodiversidad, filogenia y transiciones evolutivas --Biodiversidad -- Dimensión temporal de la evolución -- Historia de la vida: las grandes transiciones -- Evolución de la especie humana -- La especie humana y el árbol de la vida -- Hominización I: una crónica de 6 millones de años -- Hominización II: lo que hace únicos a los humanos -- El presente de la especie humana moderna -- Principios del desarrollo y de la herencia -- Concepciones del desarrollo -- Conceptos y mitos sobre el desarrollo -- El desarrollo en contexto evolutivo -- La herencia -- Genes, organismo y ambiente -- El genoma -- Los genes, del genotipo al fenotipo -- El epigenoma: regulación de la expresión génica -- El ambiente y la plasticidad del fenotipo -- Herencia genética y epigenética, efectos parentales y herencia ecológica y cultural -- Herencia y heredabilidad -- Herencia genética -- Herencia epigenética y efectos parentales -- La especie humana y su nicho ecológico y cultural. |
|
| 505 | 0 |
_gVolumen II, _tComportamiento y procesos psicológicos en contexto evolutivo. _aComportamiento, perfil psicológico, salud y supervivencia -- Evolución, salud y eficacia biológica -- Sistemas fisiológicos y psicológicos reguladores de la salud -- Relaciones entre perfil psicológico, estilo de vida y salud -- Perfil psicológico, comportamiento, bienestar y salud -- Reproducción y comportamiento sexual y parental -- Modos de reproducción y su contexto evolutivo -- Dimorfismo sexual y sus determinantes -- Hormonas, comportamiento sexual y comportamiento parental -- Selección sexual: conceptos, procesos y etapas -- Comportamiento parental y conflicto familiar -- Comportamiento social y comunicación -- Comportamiento social, socialidad, sociabilidad y prosocialidad -- Sistemas sociales -- Estructura grupal y comportamiento social -- Cooperación, altruismo, egoísmo y castigo -- Endocrinología del comportamiento social -- Neurobiología del comportamiento social -- Comunicación, concepciones y conceptos básicos -- Comunicación animal y lenguaje humano -- Comportamiento, emoción y cognición -- Toolkit de conceptos generales -- Comportamiento y emoción -- Cognición, conocimiento e inteligencia -- Aprendizaje social, innovación, cognición y cultura -- Comunicación intencional, engaño táctico y teoría de la mente -- Toma de decisiones - Empatía - Moralidad. |
|
| 526 | _aSEG68 | ||
| 526 | _aSEG70 | ||
| 526 | _aSEG69 | ||
| 526 | _aSEG67 | ||
| 526 | _aSEG43 | ||
| 526 | _aP144 | ||
| 526 | _aP143 | ||
| 526 | _aP131 | ||
| 526 | _aP122 | ||
| 526 | _aP120 | ||
| 526 | _aP117 | ||
| 526 | _aP112 | ||
| 526 | _aP110 | ||
| 526 | _aP106 | ||
| 526 | _aP101 | ||
| 526 | _aP80 | ||
| 526 | _aP59 | ||
| 526 | _aP54 | ||
| 526 | _aP35 | ||
| 526 | _aP33 | ||
| 526 | _aP30 | ||
| 541 | _g002-00000084; | ||
| 541 | _gF002-00000792; | ||
| 650 | 0 | 4 | _aPsicobiología. |
| 650 | 0 | 7 |
_aPsicología fisiológica _2embne |
| 650 | 0 | 4 | _aPsychobiology. |
| 910 |
_adbm _bcsm _ccsm _d20180618 |
||
| 910 |
_adbm _bjpc _cjpc _d20190109 |
||
| 942 |
_2ddc _cBOOK |
||
| 994 |
_aC0 _bPEPRU |
||
| 596 | _a1 | ||
| 999 |
_a150 C75 1 _wDEWEY _c28560 _i78736 _d28560 _e2022-6-16 _f2021-11-3 _g4 _lCCODEBUL1 _mBUL _n12 _p30.47 _q3 _r0 _sY _tBOOK _u2018-7-2 _xSALUD _zP33 _0COMPRA _1FCOMPR2 _o.STAFF. Colección Ciencias de la Salud |
||
| 999 |
_a150 C75 1 _wDEWEY _c3 _i79669 _d2019-9-4 _f2021-11-3 _g3 _lCCODEBUL1 _mBUL _p31.95 _q1 _r0 _sY _tBOOK _u2019-1-9 _xSALUD _zP33 _0COMPRA _1FCOMPR2 _o.STAFF. Colección Ciencias de la Salud |
||
| 999 |
_a150 C75 2 _wDEWEY _c1 _i78737 _d2020-3-8 _e2020-3-4 _f2021-11-3 _g3 _lCCODEBUL1 _mBUL _n3 _p30.47 _q1 _r0 _sY _tBOOK _u2019-1-9 _xSALUD _zP33 _0COMPRA _1FCOMPR2 _o.STAFF. Colección Ciencias de la Salud |
||
| 999 |
_a150 C75 2 _wDEWEY _c2 _i79670 _f2021-11-3 _g3 _lCCODEBUL1 _mBUL _p31.95 _r0 _sY _tBOOK _u2019-1-9 _xSALUD _zP33 _0COMPRA _1FCOMPR2 _o.STAFF. Colección Ciencias de la Salud |
||
| 980 |
_81 _gALBERTO SANCHEZ Responsable de Automatización |
||